| LEADER |
01216nam0a2200229 450 |
| 001 |
16867837 |
| 010 |
|
|
|a 978-2-7493-1035-0
|b cart.
|d 15,5
|
| 100 |
|
|
|a 20250710d2025 u u0frey01 ba
|
| 101 |
0 |
|
|a fre
|
| 102 |
|
|
|a FR
|
| 200 |
0 |
|
|a Voyage au centre des terres
|f scénario Filippi
|g dessin Camboni
|
| 207 |
|
1 |
|a
|
| 210 |
|
|
|a Issy-les-Moulineaux
|b 31-33, rue Ernest Renan
|c Vents d'ouest
|d 2025
|
| 215 |
|
|
|a 1 vol. (56 p.)
|c illustrations en couleur
|d 32 x 24 cm
|
| 225 |
1 |
|
|a 24 x 32
|
| 330 |
|
|
|a Emilien, Noémie et Mathilde se retrouvent au coeur du désert. Traqués par Ursula et ses sbires qui veulent récupérer la sphère d'activation, les enfants n'ont d'autre choix que de faire confiance à leur guide Sélim et de fuir à bord d'une felouque des sables. Bientôt, ils atterrissent dans une cité cachée dans laquelle ils vont peut-être retrouver leurs parents. Mais une horde de robots arrive.
|
| 461 |
|
0 |
|t Le Voyage extraordinaire, 4ème cycle
|v 03
|
| 700 |
|
0 |
|a Filippi
|b Denis-Pierre
|4 70
|
| 701 |
|
0 |
|a Camboni
|b Silvio
|4 440
|
| 900 |
|
|
|a Bande Dessinée (enfants)
|
| 901 |
|
|
|a Jeunesse
|
| 995 |
|
|
|a Médiathèque
|c Médiathèque
|f 00156008835142
|h 00156008835142
|k BD FIL VOY TER-3
|o p
|q j
|r az
|e Médiathèque
|